00967nam a2200229 c 450000500170000000800410001702000180005804000480007604100080012424502130013226000480034530000180039349000340041150400410044565000380048665000280052465000360055270000330058870000370062170000520065870000270071020200929115248.0200929s2014 sp |||gr|||| 00| 0 spa d a9788490531785 aCO-BoUCMbspacDeissy GarciadDeissy Garcia0 aspa00aDerecho del mar y sostenibilidad ambiental en el MediterráneocDirección José Juste Ruiz, Valentín Bou Franch ; Coordinación José Manuel Sánchez Patrón ; Evangelos Raftopoulos ...[y otros 24] bTirant lo Blanchc2014aValencia,(España) a575 páginas aTirant. MonografíasvV. 902 aIncluye referencias bibliográficas 7aDerecho internacional marítimo  7aAguas jurisdiccionales  7aDerecho internacional público aJuste Ruiz, Joséedirector aBou Franch, Valentínedirector1 aSánchez Patrón, José Manuel ecoordinador1 aRaftopoulos, Evangelos